[Event "April 9 Early 2024"]
[Site "Chess.com"]
[Date "2024.04.10"]
[Round "8"]
[White "Soto Hernandez, Henry"]
[Black "Solberg, Joachim"]
[Result "1/2-1/2"]
[Board "62"]
[WhiteFideId "3507475"]
[BlackFideId "1502930"]
[WhiteTitle "IM"]
[BlackTitle "FM"]
[WhiteElo "2761"]
[BlackElo "2571"]
[WhiteTeam "CUB"]
[BlackTeam "NOR"]
[WhiteClock "0:00:17"]
[BlackClock "0:00:15"]
[Variant "Standard"]

1. Nf3 {[%clk 0:03:00]}  Nf6 {[%clk 0:02:50]} 2. g3 {[%clk 0:03:00]}  b6 {[%clk 0:02:50]} 3. Bg2 {[%clk 0:03:00]}  Bb7 {[%clk 0:02:51]} 4. O-O {[%clk 0:03:00]}  e6 {[%clk 0:02:52]} 5. d4 {[%clk 0:03:00]}  Be7 {[%clk 0:02:52]} 6. c4 {[%clk 0:03:00]}  O-O {[%clk 0:02:52]} 7. Nc3 {[%clk 0:02:59]}  Ne4 {[%clk 0:02:53]} 8. Qc2 {[%clk 0:02:59]}  Nxc3 {[%clk 0:02:53]} 9. Qxc3 {[%clk 0:03:00]}  c5 {[%clk 0:02:52]} 10. dxc5 {[%clk 0:02:57]}  bxc5 {[%clk 0:02:52]} 11. Rd1 {[%clk 0:02:56]}  d6 {[%clk 0:02:49]} 12. Qc2 {[%clk 0:02:55]}  Nc6 {[%clk 0:02:46]} 13. Bd2 {[%clk 0:02:52]}  Qc7 {[%clk 0:02:46]} 14. Bc3 {[%clk 0:02:52]}  Rfd8 {[%clk 0:02:39]} 15. h4 {[%clk 0:02:50]}  h6 {[%clk 0:02:33]} 16. g4 {[%clk 0:02:49]}  e5 {[%clk 0:01:48]} 17. g5 {[%clk 0:02:44]}  hxg5 {[%clk 0:01:48]} 18. Nxg5 {[%clk 0:02:38]}  Bxg5 {[%clk 0:01:48]} 19. hxg5 {[%clk 0:02:39]}  Nd4 {[%clk 0:01:48]} 20. Bxd4 {[%clk 0:02:37]}  exd4 {[%clk 0:01:46]} 21. g6 {[%clk 0:02:09]}  Bxg2 {[%clk 0:01:46]} 22. Kxg2 {[%clk 0:02:08]}  Qe7 {[%clk 0:01:45]} 23. gxf7+ {[%clk 0:02:02]}  Kxf7 {[%clk 0:01:38]} 24. Rd3 {[%clk 0:01:57]}  Rh8 {[%clk 0:01:32]} 25. Rf3+ {[%clk 0:01:53]}  Kg8 {[%clk 0:01:32]} 26. Qf5 {[%clk 0:01:49]}  Re8 {[%clk 0:01:28]} 27. e3 {[%clk 0:01:36]}  Rh4 {[%clk 0:00:45]} 28. exd4 {[%clk 0:01:10]}  cxd4 {[%clk 0:00:45]} 29. Rd1 {[%clk 0:01:04]}  Qe6 {[%clk 0:00:38]} 30. Qxe6+ {[%clk 0:00:52]}  Rxe6 {[%clk 0:00:38]} 31. Rd2 {[%clk 0:00:39]}  Rg6+ {[%clk 0:00:34]} 32. Rg3 {[%clk 0:00:39]}  Re6 {[%clk 0:00:34]} 33. Rg5 {[%clk 0:00:38]}  d3 {[%clk 0:00:28]} 34. b3 {[%clk 0:00:36]}  Rd4 {[%clk 0:00:28]} 35. Rg3 {[%clk 0:00:35]}  Re2 {[%clk 0:00:27]} 36. Rdxd3 {[%clk 0:00:35]}  Rxd3 {[%clk 0:00:25]} 37. Rxd3 {[%clk 0:00:36]}  Rxa2 {[%clk 0:00:26]} 38. Rxd6 {[%clk 0:00:36]}  a5 {[%clk 0:00:27]} 39. Rb6 {[%clk 0:00:33]}  Kf7 {[%clk 0:00:25]} 40. c5 {[%clk 0:00:32]}  Rc2 {[%clk 0:00:20]} 41. Rb5 {[%clk 0:00:31]}  Ra2 {[%clk 0:00:19]} 42. Kf3 {[%clk 0:00:30]}  Ke6 {[%clk 0:00:18]} 43. Rb7 {[%clk 0:00:23]}  Kd5 {[%clk 0:00:17]} 44. Rxg7 {[%clk 0:00:22]}  Kxc5 {[%clk 0:00:17]} 45. Rb7 {[%clk 0:00:21]}  a4 {[%clk 0:00:17]} 46. bxa4 {[%clk 0:00:21]}  Rxa4 {[%clk 0:00:17]} 47. Rd7 {[%clk 0:00:20]}  Kc6 {[%clk 0:00:17]} 48. Rd8 {[%clk 0:00:20]}  Kc7 {[%clk 0:00:17]} 49. Rd1 {[%clk 0:00:20]}  Ra8 {[%clk 0:00:17]} 50. Rd4 {[%clk 0:00:17]}  Rf8+ {[%clk 0:00:17]} 51. Rf4 {[%clk 0:00:17]}  Re8 {[%clk 0:00:17]} 52. Rf5 {[%clk 0:00:16]}  Kd6 {[%clk 0:00:17]} 53. Kf4 {[%clk 0:00:16]}  Re2 {[%clk 0:00:16]} 54. f3 {[%clk 0:00:16]}  Ke6 {[%clk 0:00:16]} 55. Ra5 {[%clk 0:00:15]}  Kf7 {[%clk 0:00:16]} 56. Ra7+ {[%clk 0:00:14]}  Kf8 {[%clk 0:00:16]} 57. Ra6 {[%clk 0:00:15]}  Rb2 {[%clk 0:00:15]} 58. Rc6 {[%clk 0:00:14]}  Rb5 {[%clk 0:00:15]} 59. Kg4 {[%clk 0:00:14]}  Kf7 {[%clk 0:00:15]} 60. f4 {[%clk 0:00:14]}  Kg7 {[%clk 0:00:15]} 61. Ra6 {[%clk 0:00:14]}  Kf7 {[%clk 0:00:15]} 62. Rc6 {[%clk 0:00:14]}  Kg7 {[%clk 0:00:15]} 63. f5 {[%clk 0:00:14]}  Rb1 {[%clk 0:00:14]} 64. Rc7+ {[%clk 0:00:14]}  Kf6 {[%clk 0:00:14]} 65. Rc6+ {[%clk 0:00:15]}  Kf7 {[%clk 0:00:15]} 66. Kg5 {[%clk 0:00:15]}  Rg1+ {[%clk 0:00:14]} 67. Kf4 {[%clk 0:00:16]}  Rf1+ {[%clk 0:00:14]} 68. Kg5 {[%clk 0:00:16]}  Rg1+ {[%clk 0:00:15]} 69. Kf4 {[%clk 0:00:16]}  Rf1+ {[%clk 0:00:15]} 70. Kg5 {[%clk 0:00:17]}  Rg1+ {[%clk 0:00:15]} 1/2-1/2

[Event "April 9 Early 2024"]
[Site "Chess.com"]
[Date "2024.04.09"]
[Round "8"]
[White "Karttunen, Mika"]
[Black "Guliev, Logman"]
[Result "1-0"]
[Board "64"]
[WhiteFideId "502081"]
[BlackFideId "13400061"]
[WhiteTitle "IM"]
[BlackTitle "IM"]
[WhiteElo "2746"]
[BlackElo "2512"]
[WhiteTeam "FIN"]
[BlackTeam "AZE"]
[WhiteClock "0:00:06"]
[BlackClock "0:00:00"]
[Variant "Standard"]

1. e4 {[%clk 0:03:00]}  c5 {[%clk 0:02:54]} 2. Nf3 {[%clk 0:03:00]}  d6 {[%clk 0:02:50]} 3. d4 {[%clk 0:03:00]}  cxd4 {[%clk 0:02:50]} 4. Nxd4 {[%clk 0:03:01]}  Nf6 {[%clk 0:02:50]} 5. Nc3 {[%clk 0:03:01]}  Nc6 {[%clk 0:02:51]} 6. Bg5 {[%clk 0:02:59]}  e6 {[%clk 0:02:50]} 7. Qd2 {[%clk 0:02:57]}  a6 {[%clk 0:02:49]} 8. O-O-O {[%clk 0:02:53]}  Bd7 {[%clk 0:02:49]} 9. f4 {[%clk 0:02:42]}  Qc7 {[%clk 0:02:48]} 10. Bxf6 {[%clk 0:02:21]}  gxf6 {[%clk 0:02:46]} 11. Kb1 {[%clk 0:02:16]}  Be7 {[%clk 0:02:42]} 12. Be2 {[%clk 0:02:09]}  h5 {[%clk 0:02:40]} 13. g3 {[%clk 0:02:08]}  O-O-O {[%clk 0:02:37]} 14. Nf5 {[%clk 0:01:47]}  exf5 {[%clk 0:02:15]} 15. Nd5 {[%clk 0:01:47]}  Qb8 {[%clk 0:02:08]} 16. Nb6+ {[%clk 0:01:40]}  Kc7 {[%clk 0:02:06]} 17. Nd5+ {[%clk 0:01:41]}  Kc8 {[%clk 0:02:06]} 18. Qc3 {[%clk 0:01:40]}  Rhe8 {[%clk 0:02:02]} 19. Nb6+ {[%clk 0:01:39]}  Kc7 {[%clk 0:02:01]} 20. Nd5+ {[%clk 0:01:37]}  Kc8 {[%clk 0:02:01]} 21. Rd4 {[%clk 0:01:25]}  Qa7 {[%clk 0:01:56]} 22. Rb4 {[%clk 0:01:11]}  Kb8 {[%clk 0:01:34]} 23. Rb6 {[%clk 0:01:05]}  Rc8 {[%clk 0:01:01]} 24. Bxa6 {[%clk 0:01:00]}  Nd8 {[%clk 0:00:57]} 25. Qb4 {[%clk 0:00:47]}  Bc6 {[%clk 0:00:56]} 26. Rd1 {[%clk 0:00:29]}  Bxd5 {[%clk 0:00:54]} 27. exd5 {[%clk 0:00:29]}  Rc7 {[%clk 0:00:33]} 28. Bd3 {[%clk 0:00:15]}  Bf8 {[%clk 0:00:24]} 29. Bxf5 {[%clk 0:00:14]}  h4 {[%clk 0:00:20]} 30. a3 {[%clk 0:00:11]}  Ka8 {[%clk 0:00:16]} 31. gxh4 {[%clk 0:00:09]}  Bh6 {[%clk 0:00:14]} 32. Rb5 {[%clk 0:00:09]}  Rc5 {[%clk 0:00:14]} 33. a4 {[%clk 0:00:07]}  Rxb5 {[%clk 0:00:13]} 34. Qxb5 {[%clk 0:00:07]}  Re7 {[%clk 0:00:12]} 35. Qc4 {[%clk 0:00:05]}  Qb8 {[%clk 0:00:11]} 36. a5 {[%clk 0:00:04]}  Qc7 {[%clk 0:00:10]} 37. Qb4 {[%clk 0:00:04]}  Kb8 {[%clk 0:00:10]} 38. a6 {[%clk 0:00:04]}  Ka7 {[%clk 0:00:09]} 39. axb7 {[%clk 0:00:04]}  Nxb7 {[%clk 0:00:09]} 40. Rd3 {[%clk 0:00:04]}  Qc5 {[%clk 0:00:08]} 41. Ra3+ {[%clk 0:00:05]}  Kb8 {[%clk 0:00:09]} 42. Qxc5 {[%clk 0:00:05]}  Re1+ {[%clk 0:00:09]} 43. Ka2 {[%clk 0:00:05]}  Nxc5 {[%clk 0:00:09]} 44. Rg3 {[%clk 0:00:05]}  Bxf4 {[%clk 0:00:10]} 45. Rg8+ {[%clk 0:00:04]}  Kc7 {[%clk 0:00:10]} 46. Rf8 {[%clk 0:00:05]}  Be5 {[%clk 0:00:10]} 47. h5 {[%clk 0:00:04]}  Kb6 {[%clk 0:00:11]} 48. h6 {[%clk 0:00:04]}  Rh1 {[%clk 0:00:11]} 49. h7 {[%clk 0:00:04]}  Rxh2 {[%clk 0:00:12]} 50. h8=Q {[%clk 0:00:05]}  Rxh8 {[%clk 0:00:13]} 51. Rxh8 {[%clk 0:00:05]}  Kb5 {[%clk 0:00:12]} 52. Rb8+ {[%clk 0:00:05]}  Kc4 {[%clk 0:00:12]} 53. Rf8 {[%clk 0:00:03]}  Kxd5 {[%clk 0:00:13]} 54. Rxf7 {[%clk 0:00:03]}  Kd4 {[%clk 0:00:13]} 55. Rf8 {[%clk 0:00:03]}  d5 {[%clk 0:00:13]} 56. Rd8 {[%clk 0:00:03]}  Ne4 {[%clk 0:00:14]} 57. Be6 {[%clk 0:00:03]}  Nd6 {[%clk 0:00:13]} 58. Bg8 {[%clk 0:00:03]}  Ke4 {[%clk 0:00:13]} 59. c3 {[%clk 0:00:03]}  f5 {[%clk 0:00:13]} 60. Rd7 {[%clk 0:00:02]}  f4 {[%clk 0:00:13]} 61. Bh7+ {[%clk 0:00:03]}  Ke3 {[%clk 0:00:13]} 62. Rd8 {[%clk 0:00:03]}  Ne4 {[%clk 0:00:12]} 63. Rf8 {[%clk 0:00:03]}  Bf6 {[%clk 0:00:13]} 64. Bxe4 {[%clk 0:00:03]}  dxe4 {[%clk 0:00:13]} 65. Rxf6 {[%clk 0:00:04]}  f3 {[%clk 0:00:13]} 66. c4 {[%clk 0:00:04]}  Kd4 {[%clk 0:00:13]} 67. Kb3 {[%clk 0:00:04]}  Ke3 {[%clk 0:00:11]} 68. c5 {[%clk 0:00:04]}  f2 {[%clk 0:00:12]} 69. c6 {[%clk 0:00:05]}  Ke2 {[%clk 0:00:12]} 70. c7 {[%clk 0:00:05]}  e3 {[%clk 0:00:13]} 71. c8=Q {[%clk 0:00:05]}  Kf1 {[%clk 0:00:13]} 72. Qc4+ {[%clk 0:00:05]}  e2 {[%clk 0:00:13]} 73. Re6 {[%clk 0:00:06]}  Kg1 {[%clk 0:00:13]} 74. Qxe2 {[%clk 0:00:06]}  f1=Q {[%clk 0:00:00]} 75. Rg6+ {[%clk 0:00:06]} 1-0

[Event "April 9 Early 2024"]
[Site "Chess.com"]
[Date "2024.04.09"]
[Round "8"]
[White "Korley, Kassa"]
[Black "Bogaudinov, Rushan"]
[Result "1/2-1/2"]
[Board "65"]
[WhiteFideId "2033801"]
[BlackFideId "4129288"]
[WhiteTitle "IM"]
[BlackTitle "FM"]
[WhiteElo "2726"]
[BlackElo "2473"]
[WhiteTeam "DEN"]
[BlackTeam "RUS"]
[WhiteClock "0:00:41"]
[BlackClock "0:00:06"]
[Variant "Standard"]

1. e4 {[%clk 0:03:00]}  c5 {[%clk 0:02:59]} 2. Nf3 {[%clk 0:03:00]}  Nc6 {[%clk 0:02:57]} 3. Bb5 {[%clk 0:02:59]}  Qc7 {[%clk 0:02:56]} 4. O-O {[%clk 0:02:55]}  a6 {[%clk 0:02:56]} 5. Bxc6 {[%clk 0:02:55]}  Qxc6 {[%clk 0:02:57]} 6. d4 {[%clk 0:02:54]}  cxd4 {[%clk 0:02:58]} 7. Nxd4 {[%clk 0:02:55]}  Qc7 {[%clk 0:02:57]} 8. Nc3 {[%clk 0:02:55]}  e6 {[%clk 0:02:56]} 9. Re1 {[%clk 0:02:53]}  b5 {[%clk 0:02:50]} 10. a4 {[%clk 0:02:35]}  bxa4 {[%clk 0:02:39]} 11. Rxa4 {[%clk 0:02:26]}  Bb7 {[%clk 0:02:35]} 12. Qf3 {[%clk 0:02:11]}  Nf6 {[%clk 0:02:32]} 13. Bf4 {[%clk 0:02:03]}  Qb6 {[%clk 0:02:02]} 14. Qd3 {[%clk 0:01:34]}  Be7 {[%clk 0:01:53]} 15. Be3 {[%clk 0:01:26]}  Qc7 {[%clk 0:01:50]} 16. Rc4 {[%clk 0:01:25]}  Qb8 {[%clk 0:01:49]} 17. h3 {[%clk 0:01:17]}  O-O {[%clk 0:01:48]} 18. Nf3 {[%clk 0:01:11]}  d5 {[%clk 0:01:43]} 19. exd5 {[%clk 0:01:11]}  Nxd5 {[%clk 0:01:40]} 20. Rg4 {[%clk 0:01:06]}  Nxe3 {[%clk 0:01:34]} 21. Qxe3 {[%clk 0:01:04]}  Bf6 {[%clk 0:01:25]} 22. Ng5 {[%clk 0:00:54]}  h6 {[%clk 0:01:07]} 23. Nge4 {[%clk 0:00:52]}  Bxe4 {[%clk 0:01:07]} 24. Nxe4 {[%clk 0:00:52]}  Bxb2 {[%clk 0:01:01]} 25. Qxh6 {[%clk 0:00:38]}  Qe5 {[%clk 0:00:23]} 26. Rg5 {[%clk 0:00:06]}  Rfd8 {[%clk 0:00:10]} 27. Rxe5 {[%clk 0:00:04]}  gxh6 {[%clk 0:00:11]} 28. Rh5 {[%clk 0:00:04]}  Kg7 {[%clk 0:00:10]} 29. Rb1 {[%clk 0:00:03]}  Rab8 {[%clk 0:00:09]} 30. g3 {[%clk 0:00:02]}  a5 {[%clk 0:00:09]} 31. Rxa5 {[%clk 0:00:01]}  f5 {[%clk 0:00:08]} 32. Nc5 {[%clk 0:00:01]}  Kf6 {[%clk 0:00:05]} 33. Kg2 {[%clk 0:00:02]}  Rdc8 {[%clk 0:00:05]} 34. Nd3 {[%clk 0:00:01]}  Rxc2 {[%clk 0:00:04]} 35. Rxb2 {[%clk 0:00:02]}  Rcxb2 {[%clk 0:00:04]} 36. Nxb2 {[%clk 0:00:03]}  Rxb2 {[%clk 0:00:05]} 37. h4 {[%clk 0:00:03]}  h5 {[%clk 0:00:05]} 38. Ra6 {[%clk 0:00:04]}  Rd2 {[%clk 0:00:04]} 39. Rc6 {[%clk 0:00:04]}  Rd5 {[%clk 0:00:05]} 40. Ra6 {[%clk 0:00:05]}  Rd7 {[%clk 0:00:05]} 41. Rc6 {[%clk 0:00:05]}  Re7 {[%clk 0:00:06]} 42. Ra6 {[%clk 0:00:06]}  Rf7 {[%clk 0:00:06]} 43. Ra4 {[%clk 0:00:07]}  Re7 {[%clk 0:00:07]} 44. Ra8 {[%clk 0:00:07]}  Rf7 {[%clk 0:00:07]} 45. Rh8 {[%clk 0:00:08]}  Kg6 {[%clk 0:00:07]} 46. Re8 {[%clk 0:00:09]}  Kf6 {[%clk 0:00:07]} 47. Rg8 {[%clk 0:00:09]}  Rg7 {[%clk 0:00:07]} 48. Rh8 {[%clk 0:00:10]}  Kg6 {[%clk 0:00:07]} 49. Re8 {[%clk 0:00:10]}  Kf7 {[%clk 0:00:07]} 50. Rc8 {[%clk 0:00:11]}  Kf6 {[%clk 0:00:07]} 51. Kf3 {[%clk 0:00:12]}  Rg4 {[%clk 0:00:06]} 52. Rh8 {[%clk 0:00:12]}  Kg6 {[%clk 0:00:06]} 53. Rg8+ {[%clk 0:00:13]}  Kf6 {[%clk 0:00:06]} 54. Rxg4 {[%clk 0:00:13]}  hxg4+ {[%clk 0:00:05]} 55. Ke3 {[%clk 0:00:14]}  e5 {[%clk 0:00:06]} 56. Kd3 {[%clk 0:00:14]}  Ke6 {[%clk 0:00:06]} 57. Kc4 {[%clk 0:00:14]}  Kd6 {[%clk 0:00:06]} 58. h5 {[%clk 0:00:15]}  Ke6 {[%clk 0:00:06]} 59. Kc5 {[%clk 0:00:14]}  f4 {[%clk 0:00:05]} 60. h6 {[%clk 0:00:13]}  Kf6 {[%clk 0:00:06]} 61. Kd5 {[%clk 0:00:13]}  Kg6 {[%clk 0:00:04]} 62. Kxe5 {[%clk 0:00:14]}  fxg3 {[%clk 0:00:04]} 63. fxg3 {[%clk 0:00:15]}  Kxh6 {[%clk 0:00:04]} 64. Kf6 {[%clk 0:00:15]}  Kh7 {[%clk 0:00:03]} 65. Kf5 {[%clk 0:00:16]}  Kg7 {[%clk 0:00:03]} 66. Kg5 {[%clk 0:00:17]}  Kf7 {[%clk 0:00:03]} 67. Kh5 {[%clk 0:00:18]}  Kg7 {[%clk 0:00:03]} 68. Kxg4 {[%clk 0:00:18]}  Kg6 {[%clk 0:00:03]} 69. Kh4 {[%clk 0:00:19]}  Kh6 {[%clk 0:00:04]} 70. Kg4 {[%clk 0:00:20]}  Kg6 {[%clk 0:00:04]} 71. Kf4 {[%clk 0:00:21]}  Kf6 {[%clk 0:00:04]} 72. Ke3 {[%clk 0:00:21]}  Ke5 {[%clk 0:00:05]} 73. Kf3 {[%clk 0:00:22]}  Kf5 {[%clk 0:00:05]} 74. Ke3 {[%clk 0:00:22]}  Kg4 {[%clk 0:00:05]} 75. Kf2 {[%clk 0:00:23]}  Kg5 {[%clk 0:00:05]} 76. Kf3 {[%clk 0:00:24]}  Kf5 {[%clk 0:00:05]} 77. g4+ {[%clk 0:00:25]}  Kg5 {[%clk 0:00:06]} 78. Kg3 {[%clk 0:00:26]}  Kg6 {[%clk 0:00:06]} 79. Kh3 {[%clk 0:00:26]}  Kg5 {[%clk 0:00:06]} 80. Kg3 {[%clk 0:00:27]}  Kg6 {[%clk 0:00:07]} 81. Kh4 {[%clk 0:00:28]}  Kh6 {[%clk 0:00:07]} 82. g5+ {[%clk 0:00:28]}  Kg6 {[%clk 0:00:07]} 83. Kg4 {[%clk 0:00:28]}  Kg7 {[%clk 0:00:08]} 84. Kh5 {[%clk 0:00:29]}  Kh7 {[%clk 0:00:08]} 85. g6+ {[%clk 0:00:30]}  Kg7 {[%clk 0:00:08]} 86. Kg5 {[%clk 0:00:30]}  Kg8 {[%clk 0:00:08]} 87. Kf5 {[%clk 0:00:31]}  Kg7 {[%clk 0:00:06]} 88. Kg5 {[%clk 0:00:31]}  Kg8 {[%clk 0:00:06]} 89. Kf6 {[%clk 0:00:32]}  Kf8 {[%clk 0:00:06]} 90. Kg5 {[%clk 0:00:33]}  Kg7 {[%clk 0:00:06]} 91. Kh5 {[%clk 0:00:34]}  Kg8 {[%clk 0:00:06]} 92. Kh6 {[%clk 0:00:35]}  Kh8 {[%clk 0:00:06]} 93. Kg5 {[%clk 0:00:35]}  Kg7 {[%clk 0:00:06]} 94. Kf5 {[%clk 0:00:36]}  Kg8 {[%clk 0:00:05]} 95. Ke5 {[%clk 0:00:37]}  Kg7 {[%clk 0:00:05]} 96. Kf5 {[%clk 0:00:38]}  Kg8 {[%clk 0:00:05]} 97. Kf6 {[%clk 0:00:39]}  Kf8 {[%clk 0:00:05]} 98. g7+ {[%clk 0:00:40]}  Kg8 {[%clk 0:00:06]} 99. Kg6 {[%clk 0:00:41]} 1/2-1/2

[Event "April 9 Early 2024"]
[Site "Chess.com"]
[Date "2024.04.09"]
[Round "8"]
[White "Laddha, Shubh Jayesh"]
[Black "Durarbayli, Vasif"]
[Result "0-1"]
[Board "67"]
[WhiteFideId "30942799"]
[BlackFideId "13402935"]
[WhiteTitle "FM"]
[BlackTitle "GM"]
[WhiteElo "2612"]
[BlackElo "2886"]
[WhiteTeam "USA"]
[BlackTeam "AZE"]
[WhiteClock "0:00:00"]
[BlackClock "0:00:33"]
[Variant "Standard"]

1. e4 {[%clk 0:03:00]}  e5 {[%clk 0:02:52]} 2. Nf3 {[%clk 0:02:58]}  Nc6 {[%clk 0:02:53]} 3. Bb5 {[%clk 0:02:59]}  a6 {[%clk 0:02:53]} 4. Ba4 {[%clk 0:02:59]}  Nge7 {[%clk 0:02:49]} 5. Nc3 {[%clk 0:02:57]}  Ng6 {[%clk 0:02:48]} 6. h4 {[%clk 0:02:57]}  Bc5 {[%clk 0:02:47]} 7. h5 {[%clk 0:02:55]}  Nf4 {[%clk 0:02:47]} 8. d4 {[%clk 0:02:51]}  exd4 {[%clk 0:02:36]} 9. Bxf4 {[%clk 0:02:37]}  dxc3 {[%clk 0:02:36]} 10. bxc3 {[%clk 0:02:37]}  Qf6 {[%clk 0:02:32]} 11. Qd2 {[%clk 0:02:36]}  d6 {[%clk 0:02:23]} 12. Bg5 {[%clk 0:02:16]}  Qe6 {[%clk 0:02:15]} 13. O-O {[%clk 0:02:01]}  O-O {[%clk 0:02:03]} 14. Rfe1 {[%clk 0:01:52]}  h6 {[%clk 0:01:59]} 15. Bf4 {[%clk 0:01:40]}  Qg4 {[%clk 0:01:55]} 16. e5 {[%clk 0:01:00]}  Nxe5 {[%clk 0:01:42]} 17. Nxe5 {[%clk 0:00:53]}  dxe5 {[%clk 0:01:43]} 18. Bxe5 {[%clk 0:00:53]}  Qxa4 {[%clk 0:01:35]} 19. Qd5 {[%clk 0:00:48]}  Bd6 {[%clk 0:01:27]} 20. Bd4 {[%clk 0:00:44]}  Qb5 {[%clk 0:01:22]} 21. Qf3 {[%clk 0:00:43]}  Qf5 {[%clk 0:01:17]} 22. Qe2 {[%clk 0:00:42]}  Qg4 {[%clk 0:01:00]} 23. Qc4 {[%clk 0:00:18]}  Qxh5 {[%clk 0:00:56]} 24. g3 {[%clk 0:00:18]}  Bg4 {[%clk 0:00:56]} 25. Re3 {[%clk 0:00:16]}  Bf3 {[%clk 0:00:54]} 26. Rxf3 {[%clk 0:00:15]}  Qxf3 {[%clk 0:00:55]} 27. Qb3 {[%clk 0:00:15]}  Rae8 {[%clk 0:00:47]} 28. Rf1 {[%clk 0:00:11]}  Re2 {[%clk 0:00:44]} 29. Qc4 {[%clk 0:00:05]}  Rfe8 {[%clk 0:00:43]} 30. Bc5 {[%clk 0:00:03]}  Bxg3 {[%clk 0:00:40]} 31. Qd4 {[%clk 0:00:01]}  Bxf2+ {[%clk 0:00:35]} 32. Qxf2 {[%clk 0:00:01]}  Rxf2 {[%clk 0:00:35]} 33. Bxf2 {[%clk 0:00:02]}  Re4 {[%clk 0:00:33]} 34. Bg3 {[%clk 0:00:00]}  Qxg3+ {[%clk 0:00:33]} 0-1

[Event "April 9 Early 2024"]
[Site "Chess.com"]
[Date "2024.04.09"]
[Round "8"]
[White "Pajeken, Jakob Leon"]
[Black "Mekhitarian, Krikor Sevag"]
[Result "1-0"]
[Board "68"]
[WhiteFideId "12942839"]
[BlackFideId "2107660"]
[WhiteTitle "IM"]
[BlackTitle "GM"]
[WhiteElo "2610"]
[BlackElo "2844"]
[WhiteTeam "GER"]
[BlackTeam "BRA"]
[WhiteClock "0:02:07"]
[BlackClock "0:00:04"]
[Variant "Standard"]

1. d4 {[%clk 0:03:00]}  Nf6 {[%clk 0:02:59]} 2. Nf3 {[%clk 0:03:01]}  g6 {[%clk 0:03:00]} 3. g3 {[%clk 0:03:01]}  Bg7 {[%clk 0:03:00]} 4. Bg2 {[%clk 0:03:02]}  d5 {[%clk 0:03:01]} 5. O-O {[%clk 0:03:02]}  O-O {[%clk 0:03:01]} 6. c4 {[%clk 0:03:02]}  dxc4 {[%clk 0:03:02]} 7. Na3 {[%clk 0:03:01]}  c3 {[%clk 0:03:03]} 8. bxc3 {[%clk 0:03:02]}  c5 {[%clk 0:03:03]} 9. Re1 {[%clk 0:03:01]}  Nc6 {[%clk 0:02:55]} 10. Rb1 {[%clk 0:03:01]}  Nd5 {[%clk 0:02:18]} 11. Bb2 {[%clk 0:03:00]}  Nb6 {[%clk 0:02:13]} 12. e4 {[%clk 0:02:59]}  Bg4 {[%clk 0:02:04]} 13. d5 {[%clk 0:02:56]}  Ne5 {[%clk 0:02:03]} 14. c4 {[%clk 0:02:34]}  e6 {[%clk 0:01:59]} 15. Bxe5 {[%clk 0:02:31]}  Bxe5 {[%clk 0:01:55]} 16. Qc2 {[%clk 0:02:28]}  Bxf3 {[%clk 0:01:47]} 17. Bxf3 {[%clk 0:02:29]}  Qf6 {[%clk 0:01:47]} 18. Bg2 {[%clk 0:02:27]}  exd5 {[%clk 0:01:37]} 19. cxd5 {[%clk 0:02:25]}  Rac8 {[%clk 0:01:28]} 20. f4 {[%clk 0:02:24]}  Bd4+ {[%clk 0:01:28]} 21. Kh1 {[%clk 0:02:24]}  Qd8 {[%clk 0:01:22]} 22. Nb5 {[%clk 0:02:22]}  a6 {[%clk 0:00:46]} 23. Nxd4 {[%clk 0:02:21]}  cxd4 {[%clk 0:00:47]} 24. Qb2 {[%clk 0:02:22]}  Nc4 {[%clk 0:00:46]} 25. Qxd4 {[%clk 0:02:21]}  b5 {[%clk 0:00:46]} 26. e5 {[%clk 0:02:20]}  Qa5 {[%clk 0:00:46]} 27. Re2 {[%clk 0:02:18]}  Na3 {[%clk 0:00:39]} 28. Rd1 {[%clk 0:02:17]}  Nc2 {[%clk 0:00:36]} 29. Qb2 {[%clk 0:02:14]}  Na3 {[%clk 0:00:34]} 30. d6 {[%clk 0:02:13]}  Rc3 {[%clk 0:00:34]} 31. d7 {[%clk 0:02:12]}  Rd8 {[%clk 0:00:33]} 32. Qd2 {[%clk 0:02:11]}  Rc2 {[%clk 0:00:19]} 33. Qd3 {[%clk 0:02:08]}  Rxe2 {[%clk 0:00:04]} 34. Qxe2 {[%clk 0:02:09]}  Qb4 {[%clk 0:00:04]} 35. e6 {[%clk 0:02:08]}  fxe6 {[%clk 0:00:04]} 36. Qxe6+ {[%clk 0:02:07]}  Kg7 {[%clk 0:00:05]} 37. Qe5+ {[%clk 0:02:07]}  Kh6 {[%clk 0:00:04]} 38. Qg5+ {[%clk 0:02:07]} 1-0